000 00511nam a2200181Ia 4500
008 090124s9999 xx 000 0 und d
082 _b12226
100 _aकीर गिरिजा
245 _a दर्शन
250 _a0
260 _bहेमचंद्र प्रकाशन संस्था
_c1980
300 _a132
600 _aकीर गिरिजा
630 _a दर्शन
700 _aकीर गिरिजा
730 _a दर्शन
942 _cBOOK
999 _c86994
_d86994